000 00671nam a2200205Ia 4500
008 090124s9999 xx 000 0 und d
020 _a81-7828-029-0
082 _b41291
100 _aआर्चर जेफ्रे
245 _a द परफेक्ट मर्डर
250 _a1
260 _bप्राजक्ता प्रकाशन
_c2004
300 _a144
600 _aआर्चर जेफ्रे
630 _a द परफेक्ट मर्डर
700 _aबोरुडे संजय
700 _aआर्चर जेफ्रे
730 _a द परफेक्ट मर्डर
942 _cBOOK
999 _c107432
_d107432